Sea animals / (Record no. 642)

MARC details
000 -LEADER
fixed length control field 00796nam a22002417a 4500
005 - DATE AND TIME OF LATEST TRANSACTION
control field 20230628083248.0
020 ## - INTERNATIONAL STANDARD BOOK NUMBER
International Standard Book Number 9781407126517
040 ## - CATALOGING SOURCE
Original cataloging agency FISKH
Language of cataloging eng
Transcribing agency FISKH
Modifying agency FISKH
082 ## - DEWEY DECIMAL CLASSIFICATION NUMBER
Classification number 597
100 ## - MAIN ENTRY--PERSONAL NAME
Personal name Thomas, Annie
245 ## - TITLE STATEMENT
Title Sea animals /
Statement of responsibility, etc. by Annie Thomas
260 ## - PUBLICATION, DISTRIBUTION, ETC.
Place of publication, distribution, etc. New York :
Name of publisher, distributor, etc. Scholastic ;
Date of publication, distribution, etc. 2010.
300 ## - PHYSICAL DESCRIPTION
Extent 8 pages :
Other physical details color illustrations;
Dimensions 22 ​x​ 28 cm.
505 ## - FORMATTED CONTENTS NOTE
Formatted contents note B <br/>
520 ## - SUMMARY, ETC.
Summary, etc. Sea animals are any animal that lives in a body of saltwater like a sea or ocean. They are classified based on where in the water they live and how they move.
521 ## - TARGET AUDIENCE NOTE
Target audience note 80 <br/>
Source Lexile <br/>
521 ## - TARGET AUDIENCE NOTE
Target audience note B <br/>
Source Raz-Plus <br/>
650 ## - SUBJECT ADDED ENTRY--TOPICAL TERM
Source of heading or term Sea animals
Topical term or geographic name entry element Ocean
650 ## - SUBJECT ADDED ENTRY--TOPICAL TERM
Source of heading or term Sea animals
Topical term or geographic name entry element Ocean
942 ## - ADDED ENTRY ELEMENTS (KOHA)
Source of classification or shelving scheme Dewey Decimal Classification
Koha item type Books
Suppress in OPAC No
999 ## -
-- 642
-- 642
Holdings
Withdrawn status Lost status Source of classification or shelving scheme Damaged status Not for loan Collection Home library Current library Shelving location Date acquired Total Checkouts Full call number Barcode Date last seen Date last checked out Price effective from Koha item type
    Dewey Decimal Classification     Non-Fiction Footprints International School Library Network Toul Kork Campus Footprints International School Library Network Toul Kork Campus Ocean Display Shelf TK Campus 06/28/2023 2 THO 597 FISTK02021 11/16/2023 10/05/2023 06/28/2023 Books